Working with emotional intelligence / (Record no. 548)

000 -LEADER
fixed length control field nam a22 a 4500
001 - CONTROL NUMBER
control field vtls000569103
003 - CONTROL NUMBER IDENTIFIER
control field PNM
005 - DATE AND TIME OF LATEST TRANSACTION
control field 20170504110800.0
008 - FIXED-LENGTH DATA ELEMENTS--GENERAL INFORMATION
fixed length control field 090507t1998 nyu e 001 0 eng d
020 ## - INTERNATIONAL STANDARD BOOK NUMBER
International Standard Book Number 9780553840230 (;bk.) :
Terms of availability RM34.90
040 ## - CATALOGING SOURCE
Original cataloging agency AKMAL
082 #4 - DEWEY DECIMAL CLASSIFICATION NUMBER
Classification number 155.2 GOL
Edition number 22
090 20 - LOCALLY ASSIGNED LC-TYPE CALL NUMBER (OCLC); LOCAL CALL NUMBER (RLIN)
Classification number (OCLC) (R) ; Classification number, CALL (RLIN) (NR) 155.2
Local cutter number (OCLC) ; Book number/undivided call number, CALL (RLIN) GOL
100 1# - MAIN ENTRY--PERSONAL NAME
Personal name Goleman, Daniel
9 (RLIN) 1221
245 10 - TITLE STATEMENT
Title Working with emotional intelligence /
Statement of responsibility, etc. Daniel Goleman
260 ## - PUBLICATION, DISTRIBUTION, ETC.
Place of publication, distribution, etc. New York :
Name of publisher, distributor, etc. Bantam Book,
Date of publication, distribution, etc. c1998
300 ## - PHYSICAL DESCRIPTION
Extent xii,464p. ;
Dimensions 18cm.
650 10 - SUBJECT ADDED ENTRY--TOPICAL TERM
Topical term or geographic name entry element Executive ability
9 (RLIN) 1222
650 20 - SUBJECT ADDED ENTRY--TOPICAL TERM
Topical term or geographic name entry element Management
Form subdivision Psychological aspects
9 (RLIN) 1223
650 20 - SUBJECT ADDED ENTRY--TOPICAL TERM
Topical term or geographic name entry element Emotional intelligence
9 (RLIN) 1040
942 ## - ADDED ENTRY ELEMENTS (KOHA)
Source of classification or shelving scheme
Koha item type Book
Holdings
Withdrawn status Lost status Source of classification or shelving scheme Damaged status Not for loan Collection code Home library Current library Shelving location Date acquired Inventory number Total Checkouts Full call number Barcode Date last seen Price effective from Koha item type
          NON-FICTION AKMAL Melaka AKMAL Melaka PINJAMAN 04.05.2017 100371   155.2 GOL 201701430 04.05.2017 04.05.2017 Book
Pusat Sumber Maklumat Dato' Haji Sarmin Md Hussin, Akademi Kastam Diraja Malaysia, Melaka
Tel: 06-2331106 | Faks: 06-2313787